000 00829nam a2200229Ii 4500
003 JO-AjNU
008 230605s9999||||xx |||||||||||||| ||und||
017 _a2009/4/1313
020 _a9-206-70-9957-97
040 _aJO-AjNU
_bara
_erda
_cJO-AjNU
041 _aara
050 1 4 _aPJ7561.N3738 2011
100 3 _aنصرالله، هاني,
_eauthor
_943345
245 0 0 _aقراءات في الشعر العربي الحديث والقديم:تحليل أدبي ونقدي في البنية والرؤيا (1)
250 _aط1
264 3 1 _aإربد:عالم الكتب الحديث،2011
300 _a231ص
336 _atext
_btxt
_2rdacontent
337 _aunmediated
_bn
_2rdamedia
338 _avolume
_bnc
_2rdacarrier
650 4 _aالأدب العربي-العصر المملوكي-النقد الأدبي
_943346
999 _aA18628
_c22196
_d22196